000 00966nam a2200217 i 4500
001 154865
003 ES-MaACL
005 20250716053407.0
008 931228s1875 sp |||| | spa d
080 _a392
080 _a860-1"18"
100 1 _aGuerrero, Teodoro.
_9148902
245 1 0 _aPleito del matrimonio /
_centre T. Guerrero y R. Sepúlveda ; entendiendo en él como jueces y letrados Ángela Grassi ... [et al.].
250 _a3a ed., corr. y aum.
260 _aMadrid :
_b[s.n.],
_c1875 (
_fImprenta, Estereotipia y Galvanoplastia de Aribau y Ca. (Sucesores de Rivadeneyra)
300 _a192 p. ;
_c19 cm.
700 1 _aSepúlveda, Ricardo,
_d1846-1909
_9132653
700 1 _aGrassi, Ángela,
_d1826-1883
_959706
852 _aES-MaACL
_jT-280-F-3
_z-- Enc. hol. falto de la cub. original
_z-- Dedicatoria ms. de Ricardo Sepúlveda al Ateneo cientifico, literario y artistico de Madrid
_z-- Enc. en un vol. facticio
999 _c154865
_d154865